00265 a2200133 4500001000700000020002200007040001100029100002000040240002500060245002000085300000700105362000900112440001000121189286 a978-85-357-1454-8 cMagnum aBarros, Sônia10aLetras cadenteslpor10aLetras cadentes a300 a2011 1aAtual